| 000 | 01099nam a2200265 i 4500 | ||
|---|---|---|---|
| 001 | bg | ||
| 245 | 0 | 0 |
_aTeoretyczne zagadnienia mechaniki konstrukcji stalowych i zespolonych / _c[oprac. red. Kazimiera Kręc]. |
| 260 |
_aWarszawa : _bOficyna Wydawnicza PW, _c2001. |
||
| 300 |
_a150 s. : _bil. ; _c24 cm. |
||
| 490 | 1 |
_aPrace Naukowe / Politechnika Warszawska. Budownictwo, _x0137-2297 ; _vz. 138 |
|
| 500 | _aW nagł. nazwa serii: Prace Naukowe Politechniki Warszawskiej. - Opis wg okł. - Streszcz. ang. przy pracach. | ||
| 504 | _aBibliogr. przy pracach. | ||
| 650 | 9 |
_aKonstrukcje stalowe _xmechanika _xbadanie |
|
| 650 | 9 |
_aKonstrukcje zespolone _xmechanika _xbadanie |
|
| 650 | 9 |
_aNaprężenia i odkształcenia _xbadanie |
|
| 650 | 9 |
_aPołączenia konstrukcyjne _xmechanika _xbadanie |
|
| 650 | 9 |
_aWytrzymałość materiałów _xbadanie |
|
| 700 | 1 |
_aKRĘC, Kazimiera. _eRed. |
|
| 830 | 0 |
_aPrace Naukowe (Politechnika Warszawska). _pBudownictwo ; _vz. 138 |
|
| 040 | _cBPK | ||
| 041 | 0 |
_apl _ben |
|
| 080 | _a624.014:539.3/.6 | ||
| 942 | _cKS | ||
| 008 | s pl f |000 0 pol | ||
| 999 |
_c40630 _d40630 |
||
| 856 |
_uhttp://koha.tu.koszalin.pl/cgi-bin/koha/opac-detail.pl?biblionumber=40630 _yKatalog online BPK |
||